01384nam a2200253 a 450000100100000000500170001000800410002704000130006810000330008124501650011426000670027930000360034649000410038250000360042370000270045983000490048604900090053595201190054495201190066395201190078295201040090195201100100599900150111500000628120200929153917.0090827s2000 dr ad 001 0 spa d aDO-SdBNP1 aPiñeros, Luis Jaime917544 0aEfectividad escolar de los centros de educación media en República Dominicana. :bLuis Jaime Piñeiro, Jaap Scheerens ; presentación Milagro Ortiz Bosch. aSanto Domingo :bSecretaría de Estado de Educación,c2000. a95 p. :bil., gráf. ;c23 cm.1 aSerie investigación educativavv.4 aincluye bibliografía (p. 95-)1 aScheerens, Jaap917545 0aSerie investigación educativavv. 4917546 aBNPD 001054708DSaGRbGRcHDd2013-09-17iLF1l0o p6281-30r2020-06-25te. 3w2020-06-25yLFDSZPréstamo en sala 001054708DSaGRbGRcHDd2013-09-17iLF1l0o p6281-40r2020-06-25te. 4w2020-06-25yLFDSZPréstamo en sala 001054708DSaGRbGRcHDd2013-09-17iLF1l0o p6281-50r2020-06-25te. 5w2020-06-25yLFDSZPréstamo en sala 0010718PDaPDbPDcHDd2009-08-31iLF1l0o p6281-10r2020-06-25w2020-06-25yLFPDZNo se presta 0010718PDaPDbPDcHDd2013-04-05iLF1l0o p6281-20r2020-06-25te. 2w2020-06-25yLFPDZNo se presta c6076d6076